| 000 | 00418 a2200157 4500 | ||
|---|---|---|---|
| 040 |
_aDLC _bDLC |
||
| 082 | _a005.133 | ||
| 100 | _aKernighan,Brian W. | ||
| 245 |
_aThe C Programming Language _cDennis M.Ritchie |
||
| 250 | _a2nd ed | ||
| 260 | _bPrentice Hall Software Series | ||
| 300 |
_a238p.: _bill. ; _c24cm. |
||
| 500 | _aIncludes Index | ||
| 650 | _aC(Computer Program language | ||
| 942 |
_cBK _k 005.133 KER _2ddc |
||
| 999 |
_c6155 _d6155 |
||